| 000 | 00611nam a22001817a 4500 | ||
|---|---|---|---|
| 020 | _a007990131 | ||
| 082 |
_a511.322 _bLIP _cL-2;P-68 |
||
| 100 |
_aLIPSCHUTZ SEYMOUR _98529 |
||
| 245 |
_aSchaum's outline of theiory and problems of set theory and related topics/ _bSEYMOUR LIPSCHUTZ |
||
| 260 |
_asingapore _bkin keong printing co,ltd; _cc1981. |
||
| 300 |
_a233p. : _bill.; |
||
| 526 |
_a0 _b0 _c0 _d511_322000000000000_LIP |
||
| 526 |
_a0 _b0 _c0 _d511_322000000000000_LIP |
||
| 526 |
_a0 _b0 _c0 _d511_322000000000000_LIP |
||
| 526 |
_a0 _b0 _c0 _d511_322000000000000_LIP |
||
| 650 |
_aMCE _9379 |
||
| 942 |
_2ddc _cBK |
||
| 999 |
_c543641 _d543641 |
||